Saya anak soleh / (No. rekod 1843)

000 -LEADER
fixed length control field 00955pam a2200241 i 4500
003 - CONTROL NUMBER IDENTIFIER
control field KPN
005 - DATE AND TIME OF LATEST TRANSACTION
control field 20260429104101.0
008 - FIXED-LENGTH DATA ELEMENTS--GENERAL INFORMATION
fixed length control field 20260429b 00| 0 my d
020 ## - INTERNATIONAL STANDARD BOOK NUMBER
International Standard Book Number 9789670618043
Qualifying information paperback
Terms of availability RM14.90
040 ## - CATALOGING SOURCE
Transcribing agency KPN
082 04 - DEWEY DECIMAL CLASSIFICATION NUMBER
Classification number BM FK ABU 2013
Edition number 23
090 00 - LOCALLY ASSIGNED LC-TYPE CALL NUMBER (OCLC); LOCAL CALL NUMBER (RLIN)
Classification number (OCLC) (R) ; Classification number, CALL (RLIN) (NR) BM FK ABU 2013
Local cutter number (OCLC) ; Book number/undivided call number, CALL (RLIN) ABU
100 0# - MAIN ENTRY--PERSONAL NAME
Personal name Abu Nadifa,
Relator term author.
245 10 - TITLE STATEMENT
Title Saya anak soleh /
Statement of responsibility, etc. Ditulis oleh Abu Nadifa; Ilustrasi oleh Syarifah Tika ; Diterjemah oleh Zulkifli
260 ## - PUBLICATION, DISTRIBUTION, ETC.
Place of publication, distribution, etc. Hulu Selangor, Selangor :
Name of publisher, distributor, etc. Darul Mughni Trading,
Date of publication, distribution, etc. 2013
300 ## - PHYSICAL DESCRIPTION
Extent 94 pages :
Other physical details colour illustrations ;
Dimensions 21 cm
500 ## - GENERAL NOTE
General note Contains verses from the Koran
521 ## - TARGET AUDIENCE NOTE
Target audience note Buku "Saya Anak Soleh" merupakan sebuah karya yang menghimpunkan ayat al-Quran dan hadis yang berkaitan dengan akhlak, sesuai untuk bacaan dan pendidikan anak-anak.
650 10 - SUBJECT ADDED ENTRY--TOPICAL TERM
Topical term or geographic name entry element Islamic stories, Malay
Form subdivision Juvenile literature
700 0# - ADDED ENTRY--PERSONAL NAME
Personal name Syarifah Tika,
Relator term illustrator.
Personal name Zulkifli,
Relator term translator.
942 ## - ADDED ENTRY ELEMENTS (KOHA)
Source of classification or shelving scheme
Koha item type Book
Suppress in OPAC No
Pemilik
Withdrawn status Lost status Source of classification or shelving scheme Damaged status Not for loan Collection code Home library Current library Shelving location Date acquired Total Checkouts Full call number Barcode Date last seen Price effective from Koha item type
          Fiction Perpustakaan Kementerian Perpaduan Malaysia Perpustakaan Kementerian Perpaduan Malaysia Children Fiction Rack 29/04/2026   BM FK ABU 2013 KPN26040076 29/04/2026 29/04/2026 Book